Special education: A practical approach for teachers (Record no. 3495)

MARC details
000 -LEADER
fixed length control field 00498nam a2200169Ia 4500
008 - FIXED-LENGTH DATA ELEMENTS--GENERAL INFORMATION
fixed length control field 230917s9999||||xx |||||||||||||| ||und||
020 ## - ISBN
Price RS 1195.00
040 ## - CATALOGING SOURCE
-- 5013953
Original cataloging agency VIVEKANANDA LIBRARY
041 ## - Language
-- English
082 ## - DDC NUMBER
Classification number 371.9 Y89S
100 ## - MAIN ENTRY--PERSONAL NAME
Personal name Ysseldyke, James E
245 #0 - TITLE STATEMENT
Title Special education: A practical approach for teachers
260 ## - PUBLICATION, DISTRIBUTION, ETC. (IMPRINT)
Place of publication, distribution, etc New Delhi
Name of publisher, distributor, etc Kanishka Publishers, Distributors
Date of publication, distribution, etc 2016
300 ## - PHYSICAL DESCRIPTION
Pages xxiv, 523 p.
500 ## - GENERAL NOTE
General note 4177 23/11/2021 KPD21/434 23/11/2021 Main Budget
942 ## - ADDED ENTRY ELEMENTS (KOHA)
Koha item type Books
Holdings
Withdrawn status Lost status Damaged status Not for loan Location (home branch) Sublocation or collection (holding branch) Shelving location Date acquired Koha issues (times borrowed) Koha full call number Accession No. Koha date last seen Koha item type
        VIVEKANANDA LIBRARY VIVEKANANDA LIBRARY Centre for Disability Studies 18/12/2021   371.9 Y89S 393237 17/09/2023 Books
© Designed and Maintained by Vivekananda Library, MDU Rohtak